[Event "CZE-chT2F 2122"]
[Site "Czech Republic"]
[Date "2022.02.13"]
[Round "8.8"]
[White "Londin, Milan"]
[Black "Bartoszova, Jitka"]
[Result "1-0"]
[WhiteElo "1756"]
[BlackElo "1787"]
[PlyCount "51"]
[EventDate "2021.10.17"]
[EventType "team-tourn"]
[EventRounds "11"]
[EventCountry "CZE"]
[SourceTitle "EXT 2024"]
[Source "ChessBase"]
[SourceDate "2023.10.10"]
[SourceVersion "1"]
[SourceVersionDate "2023.10.10"]
[SourceQuality "1"]
[WhiteTeam "Prostejov"]
[BlackTeam "Trinec II"]
[WhiteTeamCountry "CZE"]
[BlackTeamCountry "CZE"]

1. e4 c5 2. Nc3 Nc6 3. Bb5 a6 4. Bxc6 bxc6 5. f4 d6 6. d3 Nf6 7. h3 h5 8. Nf3 e6 9. 0-0 h4 10. Qe1 Nh5 11. Qxh4 Be7 12. Qf2 Kd7 13. e5 g6 14. Ne4 Kc7 15. exd6+ Bxd6 16. Nxd6 Qxd6 17. Ng5 Qe7 18. Ne4 Nf6 19. Qxc5 Qxc5+ 20. Nxc5 Nd5 21. Bd2 Rb8 22. b3 Rh5 23. d4 Ra8 24. c4 Ne7 25. Ba5+ Kb8 26. Rae1 1-0

[Event "Wch Seniors 65 26th"]
[Site "Marianske Lazne"]
[Date "2016.11.30"]
[Round "11"]
[White "Belokopyt, Boris Khaimovich"]
[Black "Londin, Milan"]
[Result "1-0"]
[WhiteElo "1898"]
[BlackElo "1754"]
[PlyCount "71"]
[EventDate "2016.11.19"]
[EventType "swiss"]
[EventRounds "11"]
[EventCountry "CZE"]
[SourceTitle "EXT 2023"]
[Source "ChessBase"]
[SourceDate "2022.10.05"]
[SourceVersion "1"]
[SourceVersionDate "2022.10.05"]
[SourceQuality "1"]

1. e4 e5 2. Nf3 Nc6 3. Bc4 Bc5 4. c3 Nf6 5. d3 h6 6. 0-0 0-0 7. d4 exd4 8. cxd4 Bb6 9. d5 Ne7 10. e5 Nh7 11. Nc3 d6 12. Bf4 Ng6 13. Bg3 dxe5 14. Nxe5 Nxe5 15. Bxe5 Qg5 16. Bg3 Bg4 17. Qc1 Qxc1 18. Raxc1 Nf6 19. Nb5 Ne8 20. h3 Bd7 21. Nc3 a6 22. Rfe1 Nf6 23. Ne4 Nxe4 24. Rxe4 Bf5 25. Re5 Bg6 26. Re7 Rfe8 27. Rxe8+ Rxe8 28. Bb3 Re7 29. Bc4 Kh7 30. b4 a5 31. bxa5 Bxa5 32. a4 Bb4 33. Rd1 Bc2 34. Bd3+ Bxd3 35. Rxd3 b6 36. Kh2 1-0

[Event "Wch Seniors 65 26th"]
[Site "Marianske Lazne"]
[Date "2016.11.28"]
[Round "9"]
[White "Baumgarten, Werner"]
[Black "Londin, Milan"]
[Result "1/2-1/2"]
[WhiteElo "1882"]
[BlackElo "1754"]
[PlyCount "32"]
[EventDate "2016.11.19"]
[EventType "swiss"]
[EventRounds "11"]
[EventCountry "CZE"]
[SourceTitle "CBM 175 Extra"]
[Source "ChessBase"]
[SourceDate "2016.12.12"]
[SourceVersion "1"]
[SourceVersionDate "2016.12.12"]
[SourceQuality "1"]

1. d4 d5 2. Nf3 Bf5 3. Bf4 e6 4. e3 Bd6 5. Bg5 Be7 6. Bf4 Bd6 7. Bg5 Be7 8. Bxe7 Qxe7 9. a3 Nd7 10. c4 c6 11. Nc3 Ngf6 12. Rc1 Ne4 13. cxd5 exd5 14. Bd3 Nxc3 15. Rxc3 Bxd3 16. Qxd3 0-0 1/2-1/2

[Event "Wch Seniors 65 26th"]
[Site "Marianske Lazne"]
[Date "2016.11.22"]
[Round "4"]
[White "Londin, Milan"]
[Black "Diaz Franco, Francisco Jorge"]
[Result "0-1"]
[WhiteElo "1754"]
[BlackElo "2019"]
[PlyCount "94"]
[EventDate "2016.11.19"]
[EventType "swiss"]
[EventRounds "11"]
[EventCountry "CZE"]
[SourceTitle "CBM 175 Extra"]
[Source "ChessBase"]
[SourceDate "2016.12.12"]
[SourceVersion "1"]
[SourceVersionDate "2016.12.12"]
[SourceQuality "1"]

1. e4 c6 2. d4 d5 3. e5 c5 4. c3 Nc6 5. Nf3 Bg4 6. Be2 e6 7. Be3 Qb6 8. b3 Bxf3 9. Bxf3 cxd4 10. Bxd4 Nxd4 11. Qxd4 Qxd4 12. cxd4 Bb4+ 13. Ke2 Rc8 14. a3 Ba5 15. Ra2 Ne7 16. Rd1 0-0 17. g4 Bb6 18. Rad2 Ng6 19. g5 Rc7 20. Kf1 Rfc8 21. Be2 Nf4 22. h4 Rc2 23. Bg4 Ng6 24. h5 Ne7 25. f4 Rc1 26. Kf2 Rxd1 27. Rxd1 Rc2+ 28. Ke3 Nc6 29. f5 Nxe5 30. Kf4 Nxg4 31. fxe6 fxe6 32. Kxg4 Kf7 33. Rd3 Rg2+ 34. Rg3 Rxg3+ 35. Kxg3 Bxd4 36. Nd2 e5 37. Nf3 Bb2 38. a4 Ke6 39. Kg4 e4 40. Nh4 Be5 41. g6 hxg6 42. Nxg6 d4 43. Nh4 d3 44. Ng2 a5 45. Ne3 Bd4 46. Nf5 Kd5 47. Ne7+ Kc5 0-1

[Event "Wch Seniors 65 26th"]
[Site "Marianske Lazne"]
[Date "2016.11.21"]
[Round "3"]
[White "Harding, Timothy David"]
[Black "Londin, Milan"]
[Result "1/2-1/2"]
[WhiteElo "2015"]
[BlackElo "1754"]
[PlyCount "104"]
[EventDate "2016.11.19"]
[EventType "swiss"]
[EventRounds "11"]
[EventCountry "CZE"]
[SourceTitle "CBM 175 Extra"]
[Source "ChessBase"]
[SourceDate "2016.12.12"]
[SourceVersion "1"]
[SourceVersionDate "2016.12.12"]
[SourceQuality "1"]

1. e4 e5 2. Nf3 Nc6 3. d4 exd4 4. Nxd4 Nxd4 5. Qxd4 d6 6. Nc3 c6 7. Be3 Nf6 8. Be2 Be7 9. Rd1 0-0 10. e5 dxe5 11. Qxe5 Qe8 12. h3 Bd8 13. Qg3 Bf5 14. Bd3 Bxd3 15. Rxd3 Bb6 16. 0-0 Bxe3 17. Rxe3 Qb8 18. Qg5 h6 19. Qf5 Qc8 20. Qxc8 Raxc8 21. Re7 Rb8 22. Rd1 Rfe8 23. Rc7 Rec8 24. Re7 Kf8 25. Re5 Re8 26. Ra5 Ra8 27. Kf1 Re7 28. Ra4 a6 29. Rad4 Rae8 30. g4 g5 31. Kg2 b5 32. Rd6 Re6 33. Kf3 Rxd6 34. Rxd6 Re6 35. Rxe6 fxe6 36. Ne4 Nd7 37. Ke3 Kg7 38. f4 Kg6 39. Nd6 h5 40. gxh5+ Kxh5 41. fxg5 Kxg5 42. Nf7+ Kf5 43. b4 e5 44. Nd6+ Ke6 45. Ne4 Kd5 46. Kd3 Nf8 47. Nc3+ Ke6 48. a4 Ng6 49. axb5 axb5 50. Ne2 Kd5 51. Nc3+ Ke6 52. Ne2 Kd5 1/2-1/2